| 000 | 00656cam a2200205 4500 | ||
|---|---|---|---|
| 008 | 000000n2000 000 0 eng u | ||
| 035 | _a(Sirsi) u106078 | ||
| 245 | _aTesco Metros close | ||
| 260 | _c2000 | ||
| 490 |
_aObserver _v Business 21 May 2000 |
||
| 520 | _aTesco is poised to close up to 10 of its Metro stores after they performed badly financially. | ||
| 590 | _aWB | ||
| 650 | _aTESCO METRO | ||
| 650 | _aSUPERMARKETS | ||
| 650 | _aPROPERTY-COMMERCIAL PROPERTY-RETAIL PROPERTY-RETAIL PROPERTY MARKET | ||
| 650 | _aCONVENIENCE STORES | ||
| 650 | _aSHOP RENTS | ||
| 690 | _aPROPERTY-COMMERCIAL PROPERTY-RETAIL PROPERTY | ||
| 942 | _n0 | ||
| 999 |
_c63546 _d63546 |
||